Austrian States by Coat of Arms - Statistics

General Stats
  • This quiz has been taken 71 times
  • The average score is 8 of 9
Answer Stats
Picture Answer % Correct
Vienna
95%
Upper Austria
93%
Salzburg
91%
Tyrol
91%
Burgenland
90%
Lower Austria
90%
Styria
86%
Vorarlberg
83%
Carinthia
78%
No matching quizzes found
Score Distribution
Percent of People with Each Score
Percentile by Number Answered
Your Score History
You have not taken this quiz